LEADER 00822nam a2200241 i 4500 001 991001726169707536 005 20020503152929.0 008 000505s1986 it ||| | ita 035 $ab10264188-39ule_inst 035 $aEXGIL90505$9ExL 040 $aBiblioteca Interfacoltà$bita 082 0 $a916 100 1 $aSenghor, Léopold Sédar$0394720 245 10$aAfrica /$cprefazione di Léopold Sédar Senghor 260 $aMilano :$bElecta,$c1986 300 $a296 p. ;$c28 cm 651 4$aAfrica - Descrizioni e viaggi 907 $a.b10264188$b02-04-14$c27-06-02 912 $a991001726169707536 945 $aLE002 St. XXII L 3$g1$i2002000723208$lle002$o-$pE0.00$q-$rl$s- $t0$u0$v0$w0$x0$y.i10315299$z27-06-02 996 $aAfrica$9211546 997 $aUNISALENTO 998 $ale002$b01-01-00$cm$da $e-$fita$git $h0$i1 LEADER 01363oam 2200397 a 450 001 9910699771503321 005 20110302153003.0 035 $a(CKB)5470000002405229 035 $a(OCoLC)681573772 035 $a(EXLCZ)995470000002405229 100 $a20101116d2010 ua 0 101 0 $aeng 135 $aurbn||||||||| 181 $ctxt$2rdacontent 182 $cc$2rdamedia 183 $acr$2rdacarrier 200 14$aThe economic outlook$b[electronic resource] $ehearing before the Joint Economic Committee, Congress of the United States, One Hundred Eleventh Congress, second session, July 14, 2010 210 1$aWashington :$cU.S. G.P.O.,$d2010. 215 $a1 online resource (iii, 185 pages) $cillustrations 225 1 $aS. hrg. ;$v111-669 300 $aTitle from title screen (viewed on Nov. 16, 2010). 320 $aIncludes bibliographical references. 517 $aEconomic outlook 606 $aFinancial crises$zUnited States 606 $aEconomic stabilization$zUnited States 607 $aUnited States$xEconomic conditions$y2009- 607 $aUnited States$xEconomic policy$y2009- 615 0$aFinancial crises 615 0$aEconomic stabilization 801 0$bGPO 801 1$bGPO 801 2$bGPO 906 $aBOOK 912 $a9910699771503321 996 $aThe economic outlook$93129303 997 $aUNINA